000 00771cam a22002293a 4500
001 29783
003 PGUSA
005 20140828083638.0
008 090824s2009||||xxu|||||s|||||000 | eng d
040 _aPGUSA
_beng
042 _adc
050 4 _aQA
100 1 _aVolterra, Vito,
_d1860-1940
245 1 0 _aLeçons sur l'intégration des Équations Différentielles aux Dérivées Partielles :
_bProfessées a Stockholm sur l'Invitation de S. M. le Roi de Suéde
_h[electronic resource] /
_cVito Volterra
260 _bProject Gutenberg,
_c2009
506 _aPublic domain in the USA.
516 _aElectronic text
653 _aDifferential equations, Partial
830 0 _aProject Gutenberg
_v29783
856 4 0 _uhttp://www.gutenberg.org/ebooks/29783
942 _cEB
999 _c259038
_d259038